Marcatori della Francia ai Mondiali - Qatar 2022 - Statistics

Statistiche generali
  • Questo quiz è stato fatto 20 volte
  • Il punteggio medio è 14 su 16
Statistiche sulle risposte
Partita Minuto Marcatore % Corretto
Francia - Australia 4-1 68 Kylian Mbappé
100%
Francia - Danimarca 2-1 61 Kylian Mbappé
100%
Francia - Danimarca 2-1 86 Kylian Mbappé
100%
Francia - Polonia 3-1 74 Kylian Mbappé
100%
Francia - Polonia 3-1 91 Kylian Mbappé
100%
Argentina - Francia 7-5 (d.c.r.) 80 Kylian Mbappé
100%
Argentina - Francia 7-5 (d.c.r.) 81 Kylian Mbappé
100%
Argentina - Francia 7-5 (d.c.r.) 118 Kylian Mbappé
100%
Francia - Australia 4-1 32 Olivier Giroud
88%
Francia - Australia 4-1 71 Olivier Giroud
88%
Francia - Polonia 3-1 44 Olivier Giroud
88%
Inghilterra - Francia 1-2 78 Olivier Giroud
88%
Francia - Marocco 2-0 5 Theo Hernández
76%
Francia - Marocco 2-0 79 Randal Kolo Muani
71%
Francia - Australia 4-1 27 Adrien Rabiot
53%
Inghilterra - Francia 1-2 17 Aurélien Tchouaméni
47%
Nessun quiz corrispondente trovato
Distribuzione punteggi
Percentuale di utenti per punteggio
Percentile per numero di risposta
I tuoi punteggi nel tempo
Non hai fatto questo quiz